Statistiques concernant Les Simpson - Métiers des habitants

Cliquez ici pour prendre le quiz!

Statistiques générales

  • Ce quiz a été pris 400 fois
  • Le résultat moyen est 9 sur 10

Statistiques - réponses

QuestionRéponse% Correct
Où travaille Moe Szyslak ?dans un bar
99%
Où travaille Charles Montgomery Burns ?dans une centrale nucléaire
98%
Où travaille Clancy Wiggum ?au commissariat de police
94%
Où travaille Luigi ?dans un restaurant italien
93%
Où travaille Kent Brockman ?à la télévision
90%
Où travaille Joe Quimby ?à la maire
89%
Où travaille Ned Flanders ?dans un magasin pour gaucher
79%
Où travaille l'oncle de Barney Gumble ?au bowling
77%
Où travaillent Patty et Selma ?au service des permis de conduire
73%
Où travaille Lionel Hutz ?dans un cabinet d'avocat
62%

Distribution des résultats

Percentile par nombre de réponses

% des personnes avec chaque résultat

Votre développement - résultats

Vous n’avez pas pris ce quiz